Kraft Pulp biobleaching and mediated oxidation of a nonphenolic substrate by laccase from streptomyces cyaneus CECT 3335 /
সংরক্ষণ করুন:
| অন্যান্য লেখক: | , , , , , |
|---|---|
| বিন্যাস: | প্রবন্ধ |
| ভাষা: | English |
| বিষয়গুলি: | |
| ট্যাগগুলো: |
ট্যাগ যুক্ত করুন
কোনো ট্যাগ নেই, প্রথমজন হিসাবে ট্যাগ করুন!
|
| Thư viện lưu trữ: | Thư viện Trường Đại học Đà Lạt |
|---|
| LEADER | 01048nam a2200337 4500 | ||
|---|---|---|---|
| 001 | DLU090092291 | ||
| 005 | ##20091201 | ||
| 040 | # | # | |a DLU |b eng |
| 041 | # | # | |a eng |
| 044 | # | # | |a us |
| 245 | # | # | |a Kraft Pulp biobleaching and mediated oxidation of a nonphenolic substrate by laccase from streptomyces cyaneus CECT 3335 / |c M. Enriqueta Arias ... [et al.]. |
| 653 | # | # | |a Enzyme |
| 653 | # | # | |a Homogeneity |
| 653 | # | # | |a Kraft pulps |
| 653 | # | # | |a Streptomyces cyaneus |
| 700 | # | # | |a Arenas, Maria. |
| 700 | # | # | |a Arias, M. Enriqueta. |
| 700 | # | # | |a Ball, Andrew S. |
| 700 | # | # | |a Hernandez, Manuel. |
| 700 | # | # | |a Rodriguez, Juana. |
| 700 | # | # | |a Soliveri, Juan. |
| 773 | # | # | |t Applied and Environmental Microbiology |g Vol. 69, no. 4 (April 2003), p. 1953-1958 |
| 920 | # | # | |a Phòng Tạp chí -- Trung tâm Thông tin - Thư viện Trường Đại học Đà Lạt |
| 994 | # | # | |a DLU |
| 900 | # | # | |a True |
| 911 | # | # | |a Trương Bảo Trâm Anh |
| 925 | # | # | |a G |
| 926 | # | # | |a A |
| 927 | # | # | |a BB |
| 980 | # | # | |a Thư viện Trường Đại học Đà Lạt |